The face-lift sourcebook (Record no. 53239)

MARC details
000 -LEADER
fixed length control field 00744nam a2200265 i 4500
001 - CONTROL NUMBER
control field C2-0237654
003 - CONTROL NUMBER IDENTIFIER
control field PPAK
005 - DATE AND TIME OF LATEST TRANSACTION
control field 20180727201048.0
008 - FIXED-LENGTH DATA ELEMENTS--GENERAL INFORMATION
fixed length control field 020115s2000 ilua|||| ||||| | eng d
020 ## - INTERNATIONAL STANDARD BOOK NUMBER
International Standard Book Number 0737301112
040 ## - CATALOGING SOURCE
Original cataloging agency PPAK
Language of cataloging eng
Transcribing agency PPAK
Description conventions rda
082 04 - DEWEY DECIMAL CLASSIFICATION NUMBER
Classification number 617.520592
Edition number 23
090 00 - LOCALLY ASSIGNED LC-TYPE CALL NUMBER (OCLC); LOCAL CALL NUMBER (RLIN)
Classification number (OCLC) (R) ; Classification number, CALL (RLIN) (NR) 617.520592
Feature heading HEN
Feature heading G
100 1# - MAIN ENTRY--PERSONAL NAME
Personal name Henry, Kimberly A.,
Relator term author
245 14 - TITLE STATEMENT
Title The face-lift sourcebook
264 #1 - PRODUCTION, PUBLICATION, DISTRIBUTION, MANUFACTURE, AND COPYRIGHT NOTICE
Place of production, publication, distribution, manufacture Illinois :
Name of producer, publisher, distributor, manufacturer Lowell House ,
Date of production, publication, distribution, manufacture, or copyright notice 2000
300 ## - PHYSICAL DESCRIPTION
Extent xx, 232 pages :
Other physical details illustrations ;
Dimensions 23 cm
336 ## - CONTENT TYPE
Source rdacontent
Content type term text
337 ## - MEDIA TYPE
Source rdamedia
Media type term unmediated
338 ## - CARRIER TYPE
Source rdacarrier
Carrier type term volume
500 ## - GENERAL NOTE
General note Includes index
650 10 - SUBJECT ADDED ENTRY--TOPICAL TERM
Topical term or geographic name entry element Facelift ; Surgery, Plastic ; Face - Surgery
700 ## - ADDED ENTRY--PERSONAL NAME
Relator term author
942 ## - ADDED ENTRY ELEMENTS (KOHA)
-- dc
Koha item type Book
Holdings
Withdrawn Not for loan Current library Shelving location Date acquired Full call number Barcode Date last seen Koha item type
    Perpustakaan Alor Setar Pinjaman Dewasa 11/05/2002 617.520592 HEN A00994648 08/05/2018 Book
    Perpustakaan Alor Setar Pinjaman Dewasa 11/05/2002 617.520592 HEN A00994649 08/05/2018 Book
    Perpustakaan Awam Sungai Petani Pinjaman Dewasa 11/05/2002 617.520592 HEN A00994650 08/05/2018 Book